[Event "Russian Championship B13 2016"]
[Site "Loo"]
[Date "2016.04.24"]
[Round "5.20"]
[White "Mishuris, Matvey"]
[Black "Shaykhaliev, Dzhokhar"]
[Result "0-1"]
[WhiteElo "1784"]
[BlackElo "1710"]
[PlyCount "96"]
[EventDate "2016.04.20"]

1. d4 d5 2. c4 c6 3. cxd5 cxd5 4. Nc3 Nf6 5. Bf4 Nc6 6. Nf3 e6 7. e3 Bb4 8. a3
Bxc3+ 9. bxc3 Qa5 10. Qb3 Ne4 11. Rc1 O-O 12. Bd3 Qd8 13. Qc2 f5 14. O-O g5 15.
Bxe4 gxf4 16. Bd3 fxe3 17. fxe3 Kh8 18. Qf2 b6 19. c4 Ba6 20. Qd2 Na5 21. Qe2
Bxc4 22. Ne5 b5 23. Rf3 Bxd3 24. Qxd3 Nc4 25. Nxc4 bxc4 26. Qe2 Rb8 27. Rh3 Qe8
28. Rf1 Rg8 29. Rf4 Rg7 30. Rfh4 Rb1+ 31. Kf2 Qb8 32. Rxh7+ Rxh7 33. Rxh7+ Kxh7
34. Qh5+ Kg7 35. Qg5+ Kf7 36. Qh5+ Ke7 37. Qh7+ Kd6 38. Qg7 c3 39. Qe5+ Kd7 40.
Qg7+ Kc6 41. Qe7 Qc8 42. Qxa7 Rb7 43. Qa4+ Kd6 44. Qa6+ Qc6 45. Qa8 Rb2+ 46.
Kg3 Qxa8 47. h4 Qg8+ 48. Kh2 Qxg2# 0-1

[Event "Russian Championship B13 2016"]
[Site "Loo"]
[Date "2016.04.24"]
[Round "5.21"]
[White "Khaliullin, Albert"]
[Black "Kharitonov, Egor"]
[Result "1-0"]
[WhiteElo "1689"]
[BlackElo "1782"]
[PlyCount "45"]
[EventDate "2016.04.20"]

1. e4 c5 2. Nf3 e6 3. b3 Nf6 4. e5 Nd5 5. Bb2 b6 6. Nc3 Nxc3 7. dxc3 Bb7 8. Bd3
Nc6 9. Qe2 a6 10. h4 Ne7 11. Ng5 h6 12. Ne4 Nf5 13. O-O-O b5 14. Rh3 Nxh4 15.
f4 Ng6 16. Rf1 c4 17. bxc4 Qa5 18. Kb1 Rb8 19. c5 Bd5 20. a3 Qa4 21. Nd6+ Bxd6
22. exd6 Nxf4 23. Qe5 1-0

[Event "Russian Championship B13 2016"]
[Site "Loo"]
[Date "2016.04.24"]
[Round "5.22"]
[White "Averyanov, Grigori"]
[Black "Kulaev, Maxim"]
[Result "1-0"]
[WhiteElo "1716"]
[BlackElo "1966"]
[PlyCount "71"]
[EventDate "2016.04.20"]

1. d4 c5 2. d5 Nf6 3. c4 d6 4. Nc3 g6 5. e4 Bg7 6. Nf3 Nbd7 7. h3 O-O 8. Bf4
Ne8 9. Bd3 a6 10. a4 Rb8 11. O-O e5 12. dxe6 fxe6 13. Bg3 Ndf6 14. e5 Nh5 15.
Bh4 Qb6 16. a5 Qc7 17. Be4 b6 18. Qd2 Bb7 19. axb6 Qxb6 20. Be7 Rf7 21. exd6
Bxc3 22. bxc3 Bxe4 23. Ng5 Nhf6 24. Nxf7 Kxf7 25. Qf4 Bb7 26. g4 Qc6 27. f3 Qd7
28. Bxf6 Nxf6 29. g5 e5 30. Qxf6+ Kg8 31. Qxe5 Qxh3 32. Qh2 Qf5 33. Qg3 Re8 34.
Rae1 Rxe1 35. Rxe1 Bc6 36. Qg4 1-0

[Event "Russian Championship B13 2016"]
[Site "Loo"]
[Date "2016.04.24"]
[Round "5.23"]
[White "Kozubov, Mikhail"]
[Black "Galichkin, Ilya"]
[Result "0-1"]
[WhiteElo "1687"]
[BlackElo "1866"]
[PlyCount "116"]
[EventDate "2016.04.20"]

1. c4 Nf6 2. Nc3 e6 3. d3 d5 4. cxd5 exd5 5. d4 c6 6. Bg5 h6 7. Bh4 Bb4 8. a3
Bxc3+ 9. bxc3 Qa5 10. Qb3 Ne4 11. Qb4 Qxb4 12. cxb4 a5 13. bxa5 Rxa5 14. Nf3 f6
15. e3 Bf5 16. Nd2 Nd7 17. Nxe4 Bxe4 18. f3 Bg6 19. Kd2 Ke7 20. Be1 b6 21. Kc1
Ra7 22. Bc3 Rha8 23. Be2 c5 24. Kb2 Kd6 25. Rhd1 Kc6 26. Bd3 Bxd3 27. Rxd3 Re8
28. Re1 f5 29. Rdd1 Nf6 30. dxc5 bxc5 31. Ra1 Rae7 32. Bd2 Nd7 33. Kc2 Nb6 34.
Kd3 Nc4 35. Ra2 Rb7 36. Kc2 Nxd2 37. Kxd2 Rb3 38. g3 c4 39. f4 Rd3+ 40. Kc1
Rexe3 41. Rxe3 Rxe3 42. Kd2 d4 43. a4 Re7 44. a5 Ra7 45. a6 Kb5 46. Rb2+ Kxa6
47. Rb4 Rc7 48. Kc2 Ka5 49. Rb8 Rd7 50. Kd2 Ka4 51. Rb6 c3+ 52. Kd3 Rc7 53. Rb1
c2 54. Rc1 Kb3 55. Kd2 Kb2 56. h3 h5 57. h4 g6 58. Rxc2+ Rxc2+ 0-1

[Event "Russian Championship B13 2016"]
[Site "Loo"]
[Date "2016.04.24"]
[Round "5.24"]
[White "Gabitov, Bulat"]
[Black "Gaglazov, Mikhail"]
[Result "1/2-1/2"]
[WhiteElo "1742"]
[BlackElo "1562"]
[PlyCount "86"]
[EventDate "2016.04.20"]

1. d4 Nf6 2. c4 e6 3. Nf3 Bb4+ 4. Bd2 Qe7 5. g3 Nc6 6. Bg2 O-O 7. O-O Bxd2 8.
Nbxd2 d6 9. e4 e5 10. d5 Nb8 11. Ne1 a5 12. Nd3 Nfd7 13. f4 Na6 14. f5 f6 15.
g4 Nac5 16. Nf2 b6 17. a4 g5 18. fxg6 hxg6 19. h4 Rf7 20. Ra3 Rh7 21. Nf3 Nf8
22. Qd2 Bd7 23. b3 Kf7 24. Re1 Ke8 25. Kf1 Kd8 26. Ke2 Kc8 27. Kd1 Kb7 28. Kc1
Ka7 29. Kb2 Qe8 30. Qc2 Kb7 31. Rh1 Kb8 32. Raa1 Kb7 33. Bh3 Qc8 34. Rag1 Rf7
35. Nd1 Nh7 36. Ne3 g5 37. h5 Nf8 38. Nd2 Qd8 39. Rf1 Qe7 40. Rf2 Nh7 41. Rhf1
Raf8 42. Ka3 Ka7 43. Ka2 Na6 1/2-1/2

[Event "Russian Championship B13 2016"]
[Site "Loo"]
[Date "2016.04.24"]
[Round "5.25"]
[White "Shadunts, Kirill"]
[Black "Rustamov, Sezqin"]
[Result "1/2-1/2"]
[WhiteElo "1715"]
[BlackElo "1732"]
[PlyCount "108"]
[EventDate "2016.04.20"]

1. d4 d5 2. c4 e6 3. Nc3 Nf6 4. cxd5 exd5 5. Bg5 c6 6. Qc2 Nbd7 7. e3 Bd6 8.
Bd3 h6 9. Bh4 O-O 10. Nf3 Re8 11. O-O Qc7 12. Rab1 a5 13. a3 b5 14. b4 axb4 15.
axb4 Bb7 16. Bg3 Bxg3 17. hxg3 Qd6 18. Qb2 Ne4 19. Ra1 Nb6 20. Rxa8 Bxa8 21.
Bxe4 dxe4 22. Ne5 Nd5 23. Nxe4 Qxb4 24. Qxb4 Nxb4 25. Nd6 Rb8 26. Nexf7 Rb6 27.
e4 Nc2 28. Rd1 b4 29. e5 Kf8 30. e6 Rb8 31. f4 b3 32. Nc4 b2 33. Rb1 Nxd4 34.
Rxb2 Rxb2 35. Nxb2 Nxe6 36. Ne5 c5 37. Kf2 Ke7 38. Nbc4 Bd5 39. Ne3 Be4 40. f5
Nd4 41. g4 Kd6 42. N5c4+ Kc6 43. Kg3 Nc2 44. Nxc2 Bxc2 45. Kf4 Bd1 46. g5 Kd7
47. gxh6 gxh6 48. Ke5 Be2 49. Ne3 Ke7 50. Nd5+ Kf7 51. Nc3 Bd3 52. g4 Ke7 53.
Kf4 Kd6 54. Ke3 Bxf5 1/2-1/2

[Event "Russian Championship B13 2016"]
[Site "Loo"]
[Date "2016.04.24"]
[Round "5.27"]
[White "Makhlin, Miron"]
[Black "Boyko, Aleksandr"]
[Result "1-0"]
[WhiteElo "1788"]
[BlackElo "1635"]
[PlyCount "66"]
[EventDate "2016.04.20"]

1. d4 Nf6 2. Nf3 g6 3. c4 d6 4. g3 Bg7 5. Bg2 O-O 6. O-O c5 7. Nc3 Bf5 8. dxc5
dxc5 9. Bf4 Nc6 10. Ne5 Nxe5 11. Bxe5 Qb6 12. Qb3 Qxb3 13. axb3 Bc2 14. Bxb7
Rad8 15. Ra3 Ng4 16. Bf4 e5 17. Bg5 Rb8 18. Bd5 Rxb3 19. Rxb3 Bxb3 20. Ne4 Rc8
21. Ra1 h6 22. Be7 Rc7 23. Bd6 Rd7 24. Bxc5 Nf6 25. Nxf6+ Bxf6 26. e4 Rc7 27.
Bd6 Rd7 28. Bb8 Kf8 29. Bxa7 Be7 30. Be3 h5 31. Ra8+ Kg7 32. Rb8 Ba2 33. b3 Ra7
1-0

[Event "Russian Championship B13 2016"]
[Site "Loo"]
[Date "2016.04.24"]
[Round "5.28"]
[White "Subatovich, Daniil"]
[Black "Butorov, Lev"]
[Result "1/2-1/2"]
[WhiteElo "1763"]
[BlackElo "1571"]
[PlyCount "69"]
[EventDate "2016.04.20"]

1. e4 e5 2. Nc3 Nf6 3. f4 d6 4. Nf3 Nc6 5. d4 Bg4 6. dxe5 Bxf3 7. gxf3 dxe5 8.
Qxd8+ Rxd8 9. Bb5 Bd6 10. fxe5 Bxe5 11. Be3 a6 12. Bxc6+ bxc6 13. Kf2 Ke7 14.
Rab1 Bd4 15. Rhd1 Bxe3+ 16. Kxe3 g5 17. Ne2 c5 18. Nc3 Rxd1 19. Rxd1 Rd8 20.
Rxd8 Kxd8 21. e5 Nd7 22. Ke4 c6 23. Kf5 Ke7 24. Ne4 h6 25. c3 c4 26. h3 Nb6 27.
Nc5 a5 28. Nb7 a4 29. Na5 c5 30. Nb7 Nd7 31. Nd6 Nb6 32. Nb7 Nd7 33. Nd6 Nb6
34. Nb7 Nd7 35. Nd6 1/2-1/2

[Event "Russian Championship B13 2016"]
[Site "Loo"]
[Date "2016.04.24"]
[Round "5.29"]
[White "Gafarov, Damir"]
[Black "Terzyan, Nazar"]
[Result "0-1"]
[WhiteElo "1597"]
[BlackElo "1708"]
[PlyCount "72"]
[EventDate "2016.04.20"]

1. e4 c5 2. Nf3 Nc6 3. d4 cxd4 4. Nxd4 g6 5. Nc3 Bg7 6. Be3 Nf6 7. Nxc6 bxc6 8.
e5 Ng8 9. Bd4 Qc7 10. Bc4 Bxe5 11. O-O d5 12. Re1 Bf6 13. Qf3 Bxd4 14. Nxd5
cxd5 15. Qxd5 Nh6 16. Bb5+ Kf8 17. Qxa8 Kg7 18. Qe4 Bf6 19. c3 Bb7 20. Qe2 Nf5
21. Rad1 Nd6 22. Bd3 Re8 23. Bb5 Rb8 24. Ba4 Qa5 25. Bb3 Qg5 26. f3 Nf5 27. Bd5
Bc8 28. Be4 Rb6 29. g3 Nd6 30. Rd5 Qh6 31. Ra5 Nxe4 32. fxe4 Rd6 33. e5 Rd2 34.
exf6+ exf6 35. Qf3 Qxh2+ 36. Kf1 Bh3+ 0-1

[Event "Russian Championship B13 2016"]
[Site "Loo"]
[Date "2016.04.24"]
[Round "5.30"]
[White "Evseev, Andrew"]
[Black "Egorov, Georgiy"]
[Result "0-1"]
[WhiteElo "1682"]
[BlackElo "1557"]
[PlyCount "116"]
[EventDate "2016.04.20"]

1. e4 e5 2. Nf3 Nc6 3. Nc3 Nf6 4. d4 exd4 5. Nxd4 Bc5 6. Be3 Bb6 7. Nxc6 bxc6
8. Bg5 h6 9. Bh4 O-O 10. Qf3 d6 11. O-O-O Bg4 12. Qxg4 Nxg4 13. Bxd8 Raxd8 14.
Re1 Nxf2 15. Rg1 Nxe4 16. Rh1 Nxc3 17. bxc3 Rfe8 18. Bc4 d5 19. Ba6 Kf8 20. Bb7
Rd6 21. Ba6 c5 22. Bb5 c6 23. Rxe8+ Kxe8 24. Re1+ Kd7 25. Bd3 g6 26. Kd2 Ba5
27. Rf1 Ke7 28. Re1+ Re6 29. Rxe6+ Kxe6 30. Be2 d4 31. Bc4+ Ke7 32. Kd3 Bxc3
33. Ke4 f5+ 34. Kf4 Kf6 35. h3 g5+ 36. Kf3 Ke5 37. Bf7 Kf6 38. Bc4 h5 39. g4
hxg4+ 40. hxg4 fxg4+ 41. Kxg4 Bd2 42. Kf3 Ke5 43. Bg8 Kd6 44. Bf7 Kc7 45. Be6
Kb6 46. Ke2 Bf4 47. Kd3 Kb5 48. Bd7 Be5 49. Ke4 Bf6 50. Kf5 Bd8 51. Ke4 a5 52.
Kf5 c4 53. Ke4 Bf6 54. Kf5 d3 55. cxd3 c3 56. a4+ Kb6 57. Kxf6 c2 58. Kxg5
c1=Q+ 0-1

[Event "Russian Championship B13 2016"]
[Site "Loo"]
[Date "2016.04.24"]
[Round "5.31"]
[White "Zheleznov, Daniil"]
[Black "Pestryakov, Nikita"]
[Result "0-1"]
[WhiteElo "1567"]
[BlackElo "1659"]
[PlyCount "142"]
[EventDate "2016.04.20"]

1. d4 Nf6 2. Nf3 c5 3. c3 d5 4. e3 Nc6 5. Nbd2 e6 6. Bd3 c4 7. Bc2 Bd6 8. O-O
O-O 9. e4 Be7 10. Re1 b5 11. Bb1 a5 12. Qc2 g6 13. h3 b4 14. Qd1 Re8 15. Nh2
Bf8 16. e5 Nd7 17. f4 Bg7 18. Ndf3 Nf8 19. g4 a4 20. cxb4 Nxb4 21. Bd2 Nc6 22.
Bc2 Bd7 23. g5 Qb6 24. Bc3 a3 25. b3 cxb3 26. Bxb3 h5 27. gxh6 Bxh6 28. Ng5
Bxg5 29. fxg5 Nh7 30. h4 Ne7 31. Qg4 Rec8 32. Rac1 Bb5 33. Qf4 Nf5 34. Ng4 Bd3
35. Nf6+ Kg7 36. Kf2 Bc4 37. Rb1 Qa7 38. h5 Bxb3 39. Rxb3 Rc4 40. hxg6 Nxd4 41.
Bxd4 Rxd4 42. Qe3 Kxg6 43. Nxh7 Kxh7 44. Rb7 Qxb7 45. Qxd4 Qb2+ 46. Ke3 Qxd4+
47. Kxd4 Kg6 48. Rf1 Ra7 49. Rg1 Rc7 50. Rg3 Rc4+ 51. Kd3 Rb4 52. Rg2 Kf5 53.
Kc3 Rf4 54. Rg3 Re4 55. Kb3 d4 56. Rg1 Re3+ 57. Kc4 Kxe5 58. g6 fxg6 59. Rxg6
Rc3+ 60. Kb5 Kf5 61. Rg8 e5 62. Rf8+ Ke4 63. Rf1 Kd3 64. Rf3+ Kd2 65. Rf2+ Ke3
66. Rf5 e4 67. Rd5 Kd3 68. Re5 e3 69. Rh5 Kd2 70. Rh1 e2 71. Rh2 Kd1 0-1

[Event "Russian Championship B15 1st league 2016"]
[Site "Loo"]
[Date "2016.04.24"]
[Round "5.1"]
[White "Chizho, Aleksandr"]
[Black "Vasiliev, Georgiy"]
[Result "1/2-1/2"]
[WhiteElo "1893"]
[BlackElo "1886"]
[PlyCount "81"]
[EventDate "2016.04.20"]

1. e4 c5 2. Nf3 e6 3. d4 cxd4 4. Nxd4 d6 5. c4 Nf6 6. Nc3 Qc7 7. a3 b6 8. Be3
Bb7 9. f3 Be7 10. Be2 O-O 11. O-O a6 12. Rc1 Nbd7 13. b4 Rac8 14. Nb3 Qb8 15.
Qd2 Bd8 16. Rfd1 Bc7 17. Bf4 Ne5 18. Bxe5 dxe5 19. Qe3 Bc6 20. a4 Rfd8 21.
Rxd8+ Rxd8 22. b5 axb5 23. axb5 Ba8 24. Na4 Nd7 25. Kf1 f5 26. Kg1 Nf6 27. c5
bxc5 28. Nbxc5 Bb6 29. Qb3 Rd6 30. Kh1 fxe4 31. Nxb6 Qxb6 32. fxe4 Bxe4 33.
Nxe4 Nxe4 34. Rc8+ Kf7 35. Qf3+ Nf6 36. h3 e4 37. Qf4 Ke7 38. Qg5 Kf7 39. Qf4
Ke7 40. Qg5 Kf7 41. Qf4 1/2-1/2

[Event "Russian Championship B15 1st league 2016"]
[Site "Loo"]
[Date "2016.04.24"]
[Round "5.2"]
[White "Tyurin, Ilya"]
[Black "Avalyan, Artur"]
[Result "1/2-1/2"]
[WhiteElo "1860"]
[BlackElo "2021"]
[PlyCount "80"]
[EventDate "2016.04.20"]

1. Nf3 Nf6 2. c4 g6 3. Nc3 Bg7 4. d4 O-O 5. g3 d6 6. Bg2 Nc6 7. O-O a6 8. b3
Rb8 9. Nd5 Nxd5 10. cxd5 Na7 11. e4 Bg4 12. Bb2 c6 13. h3 Bxf3 14. Bxf3 cxd5
15. exd5 Qb6 16. Qd2 Rbc8 17. Rac1 Nb5 18. Rxc8 Rxc8 19. Rd1 h6 20. h4 Qc7 21.
Rc1 Qd7 22. Re1 Qf5 23. Be4 Qg4 24. Kg2 Nc7 25. Qb4 b5 26. Qa5 Qd7 27. Rc1 f5
28. Bf3 g5 29. hxg5 hxg5 30. Qc3 g4 31. Be2 Bh6 32. Qc6 Qd8 33. Rc2 Kf7 34. Ba3
Bg5 35. f3 Qh8 36. fxg4 Qh7 37. Qd7 Bf6 38. Bb2 Bg5 39. Qxf5+ Qxf5 40. gxf5 Kf6
1/2-1/2

[Event "Russian Championship B15 1st league 2016"]
[Site "Loo"]
[Date "2016.04.24"]
[Round "5.3"]
[White "Stepanov, Andrey"]
[Black "Adyrbaev, Albert"]
[Result "1-0"]
[WhiteElo "1922"]
[BlackElo "2022"]
[PlyCount "119"]
[EventDate "2016.04.20"]

1. e4 e5 2. Nf3 Nc6 3. Bb5 a6 4. Ba4 Nf6 5. O-O Be7 6. Re1 b5 7. Bb3 d6 8. c3
Bg4 9. h3 Bh5 10. d3 O-O 11. Nbd2 Na5 12. Bc2 c5 13. Nf1 Qc7 14. Ng3 Bg6 15.
Qe2 Nh5 16. Nf5 Rae8 17. Nxe7+ Qxe7 18. g3 Qd7 19. Kh2 f5 20. Nh4 f4 21. Nxg6
hxg6 22. Bd2 Kh8 23. Rf1 Nc6 24. Rae1 Qe7 25. Qg4 Qf7 26. Kg1 Nf6 27. Qf3 g5
28. Kg2 Kh7 29. Rh1 Rh8 30. Bb3 c4 31. dxc4 bxc4 32. Ba4 Rc8 33. Bc2 Rhe8 34.
Bc1 Kg8 35. b3 Kf8 36. Ba3 Red8 37. Rd1 Qe6 38. bxc4 Na5 39. c5 Qxa2 40. Bb4
Nc6 41. Bb1 Qe6 42. cxd6 Nxb4 43. cxb4 Rxd6 44. Ba2 Qd7 45. Qb3 Rcc6 46. Rxd6
Rxd6 47. Rc1 Ke8 48. g4 f3+ 49. Qxf3 Rd3 50. Qe2 Qd4 51. Rc8+ Kd7 52. Rc4 Qd6
53. Bb1 Rd2 54. Qf3 Qe6 55. Qc3 Rd6 56. Ba2 Rc6 57. Rxc6 Qxc6 58. Qxe5 Qxe4+
59. Qxe4 Nxe4 60. Bc4 1-0

[Event "Russian Championship B15 1st league 2016"]
[Site "Loo"]
[Date "2016.04.24"]
[Round "5.4"]
[White "Poliakov, Artem"]
[Black "Suvorov, Aleksandr"]
[Result "0-1"]
[WhiteElo "2168"]
[BlackElo "1907"]
[PlyCount "78"]
[EventDate "2016.04.20"]

1. d4 d5 2. c4 e6 3. cxd5 exd5 4. Nc3 Nf6 5. Bg5 Be7 6. e3 c6 7. Bd3 O-O 8. Qc2
h6 9. Bh4 Re8 10. Nf3 Ne4 11. Bxe7 Qxe7 12. Ne5 Nd7 13. Nxd7 Bxd7 14. O-O-O Bf5
15. h3 Qb4 16. a3 Qa5 17. Na2 c5 18. dxc5 Rac8 19. b4 Qxa3+ 20. Kb1 a5 21. Qb2
axb4 22. g4 Bg6 23. Qxb4 Qxb4+ 24. Nxb4 Nxf2 25. Bxg6 fxg6 26. c6 bxc6 27. Nc2
Rf8 28. Kc1 Nxh1 29. Rxh1 Rf2 30. Rg1 Ra8 31. Kb1 Rb8+ 32. Kc1 Rb3 33. Rd1 Rh2
34. Rd4 Rxh3 35. e4 Rh1+ 36. Kd2 Rh2+ 37. Kc1 Rc3 38. Rd2 Rxd2 39. Kxd2 Rxc2+
0-1

[Event "Russian Championship B15 1st league 2016"]
[Site "Loo"]
[Date "2016.04.24"]
[Round "5.5"]
[White "Arbuzov, Mikhail"]
[Black "Odegov, Artem"]
[Result "1-0"]
[WhiteElo "1925"]
[BlackElo "2063"]
[PlyCount "71"]
[EventDate "2016.04.20"]

1. d4 d5 2. c4 c5 3. Nc3 Nf6 4. e3 e6 5. Nf3 Nc6 6. Be2 Be7 7. O-O O-O 8. cxd5
exd5 9. dxc5 Bxc5 10. Nb5 Qe7 11. b3 a6 12. Nbd4 Ne4 13. Bb2 Rd8 14. h3 Bd6 15.
Rc1 Ne5 16. Ba1 Bb8 17. Nxe5 Qxe5 18. Nf3 Qd6 19. Be5 Qg6 20. Qxd5 Bc7 21. Qc4
Bxe5 22. Nxe5 Qf5 23. Qc7 Be6 24. Bg4 Qf6 25. Bxe6 Qxe6 26. Nf3 b5 27. Nd4 Qg6
28. Nc6 Re8 29. Ne7+ Rxe7 30. Qxe7 Nd2 31. Rfd1 Nf3+ 32. Kh1 h5 33. Rd8+ Kh7
34. Rxa8 Qf5 35. Qc7 Nh4 36. Qc2 1-0

[Event "Russian Championship B15 1st league 2016"]
[Site "Loo"]
[Date "2016.04.24"]
[Round "5.6"]
[White "Gabdrakhmanov, Azat"]
[Black "Marchuk, Rostislav"]
[Result "0-1"]
[WhiteElo "1904"]
[BlackElo "2039"]
[PlyCount "104"]
[EventDate "2016.04.20"]

1. e4 d6 2. d4 Nf6 3. Nc3 e5 4. Nf3 Nbd7 5. Bc4 Be7 6. O-O O-O 7. a4 c6 8. Re1
b6 9. d5 c5 10. h3 a6 11. Nh2 Ne8 12. g3 Nc7 13. f4 f5 14. exf5 Rxf5 15. Bd3
Rf7 16. Ne4 exf4 17. Bxf4 Nf8 18. Nf2 Bg5 19. Qf3 Bxf4 20. gxf4 Bf5 21. c4 Bxd3
22. Nxd3 Ng6 23. Qg4 Qf6 24. Re4 Raf8 25. Rf1 Qf5 26. Qxf5 Rxf5 27. Ng4 R5f7
28. Kh2 b5 29. b3 bxc4 30. bxc4 Rb8 31. f5 h5 32. Ne3 Nf8 33. f6 g6 34. Re7 Re8
35. Nf5 Rfxe7 36. Nh6+ Kh7 37. fxe7 Rxe7 38. Rf7+ Rxf7 39. Nxf7 Ne8 40. Kg3 Kg7
41. Ng5 Nd7 42. Ne6+ Kf6 43. Kf4 Ng7 44. a5 Nxe6+ 45. dxe6 Kxe6 46. Ke4 g5 47.
h4 Ne5 48. Nf2 gxh4 49. Nh3 Nxc4 50. Nf4+ Kd7 51. Nxh5 Nxa5 52. Nf6+ Kc6 0-1

[Event "Russian Championship B15 1st league 2016"]
[Site "Loo"]
[Date "2016.04.24"]
[Round "5.7"]
[White "Novikov, Roman"]
[Black "Zhafyarov, Adel"]
[Result "1/2-1/2"]
[WhiteElo "2021"]
[BlackElo "1899"]
[PlyCount "100"]
[EventDate "2016.04.20"]

1. e4 e5 2. Nf3 Nc6 3. d4 exd4 4. Nxd4 Nf6 5. Nxc6 bxc6 6. e5 Qe7 7. Qe2 Nd5 8.
c4 Qb4+ 9. Nd2 Nf4 10. Qe4 Ne6 11. a3 Qb7 12. Be2 c5 13. Qe3 Qb6 14. O-O Bb7
15. f4 O-O-O 16. Bf3 h5 17. Bxb7+ Qxb7 18. Nf3 h4 19. f5 Nd4 20. Nxd4 cxd4 21.
Qxd4 h3 22. Qd5 c6 23. Qf3 hxg2 24. Kxg2 f6 25. exf6 Bd6 26. Bf4 Qxb2+ 27. Kg1
Bxf4 28. Qxf4 gxf6 29. Kh1 Rdg8 30. Rg1 c5 31. Qd6 Qb7+ 32. Qd5 Qxd5+ 33. cxd5
Kc7 34. Rg6 Rf8 35. Rb1 Rh4 36. Rb5 Rc4 37. Kg2 a6 38. Rb3 Rd4 39. Rf3 Rxd5 40.
h4 Re5 41. h5 Re7 42. h6 d5 43. Rh3 c4 44. Kf2 d4 45. Rh4 Rd7 46. Rg7 Rxg7 47.
hxg7 Rg8 48. Rxd4 Rxg7 49. Rxc4+ Kb7 50. Kf3 Rg1 1/2-1/2

[Event "Russian Championship B15 1st league 2016"]
[Site "Loo"]
[Date "2016.04.24"]
[Round "5.8"]
[White "Asatryan, Gor"]
[Black "Marchenko, Nikolay"]
[Result "1/2-1/2"]
[WhiteElo "1853"]
[BlackElo "1995"]
[PlyCount "47"]
[EventDate "2016.04.20"]

1. e4 c5 2. Nf3 d6 3. c3 Nf6 4. Be2 Nc6 5. d4 cxd4 6. cxd4 Nxe4 7. d5 Qa5+ 8.
Nc3 Nxc3 9. bxc3 Ne5 10. O-O Nxf3+ 11. Bxf3 Qc7 12. Bf4 b6 13. Re1 f6 14. Bg4
Bxg4 15. Qxg4 Qc8 16. Re6 Kf7 17. Rae1 Qxc3 18. Rxe7+ Bxe7 19. Qe6+ Kg6 20.
Qg4+ Kf7 21. Qe6+ Kg6 22. Qg4+ Kf7 23. Qe6+ Kg6 24. Qg4+ 1/2-1/2

[Event "Russian Championship B15 1st league 2016"]
[Site "Loo"]
[Date "2016.04.24"]
[Round "5.9"]
[White "Rogotskiy, Yuriy"]
[Black "Hein, Vladimir"]
[Result "1/2-1/2"]
[WhiteElo "1967"]
[BlackElo "1866"]
[PlyCount "115"]
[EventDate "2016.04.20"]

1. d4 Nf6 2. c4 g6 3. Nc3 Bg7 4. e4 d6 5. Be2 O-O 6. Bg5 c5 7. d5 e6 8. Nf3
exd5 9. cxd5 h6 10. Bh4 Re8 11. Nd2 a6 12. a4 Qc7 13. O-O Nbd7 14. Re1 g5 15.
Bg3 Ne5 16. Rc1 Qb8 17. Qb3 Nfd7 18. Nd1 Ng6 19. Nc4 Nge5 20. Nde3 b5 21. axb5
axb5 22. Nxe5 Bxe5 23. Bxe5 Nxe5 24. Qxb5 Bd7 25. Qxb8 Rexb8 26. Rb1 Rb4 27. f3
Rab8 28. g3 Bb5 29. Kg2 Bxe2 30. Rxe2 c4 31. Rc1 Rxb2 32. Rcc2 c3 33. Nd1 Nc4
34. Kh3 Rxc2 35. Rxc2 Nd2 36. Kg2 Nb1 37. Kf2 Rc8 38. Ke2 Ra8 39. Kd3 Kg7 40.
Nxc3 Ra3 41. Rc1 Nxc3 42. Rxc3 Ra2 43. Rc2 Ra3+ 44. Ke2 Kf6 45. f4 gxf4 46.
gxf4 Rh3 47. Rc6 Rxh2+ 48. Kf3 Ke7 49. Rc7+ Ke8 50. e5 dxe5 51. fxe5 Rd2 52. d6
f6 53. Kf4 fxe5+ 54. Kxe5 Re2+ 55. Kd5 Rd2+ 56. Kc6 Rc2+ 57. Kb7 Rd2 58. Rc6
1/2-1/2

[Event "Russian Championship B15 1st league 2016"]
[Site "Loo"]
[Date "2016.04.24"]
[Round "5.10"]
[White "Badalian, Daniel"]
[Black "Moskvin, Anatoly"]
[Result "1-0"]
[WhiteElo "1898"]
[BlackElo "1960"]
[PlyCount "77"]
[EventDate "2016.04.20"]

1. e4 e5 2. Nf3 Nc6 3. Bb5 Nge7 4. c3 a6 5. Ba4 d6 6. d4 Bd7 7. Bb3 h6 8. a3
Ng6 9. Be3 Be7 10. Qc1 Nh4 11. Nxh4 Bxh4 12. Nd2 Bf6 13. Nf3 Bg4 14. Qd2 a5 15.
Ba4 Bd7 16. O-O-O O-O 17. Bxc6 Bxc6 18. d5 Bd7 19. h3 c6 20. g4 cxd5 21. Qxd5
Bc6 22. Qd3 Bg5 23. Nxg5 hxg5 24. h4 gxh4 25. g5 g6 26. Rxh4 Re8 27. f4 Kg7 28.
Rdh1 Rg8 29. Rh7+ Kf8 30. Qc4 d5 31. Qc5+ Ke8 32. Rh8 Kd7 33. Rxg8 Qxg8 34.
exd5 Ba4 35. fxe5 Qf8 36. Qb6 Rb8 37. e6+ Ke8 38. Qc7 Ra8 39. Bc5 1-0

[Event "Russian Championship B15 1st league 2016"]
[Site "Loo"]
[Date "2016.04.24"]
[Round "5.11"]
[White "Mishin, Viacheslav"]
[Black "Medvedev, Semen"]
[Result "1/2-1/2"]
[WhiteElo "1949"]
[BlackElo "1856"]
[PlyCount "51"]
[EventDate "2016.04.20"]

1. e4 e6 2. d4 d5 3. Nd2 Be7 4. Bd3 c5 5. c3 Nc6 6. Ne2 cxd4 7. cxd4 Qb6 8. O-O
Bd7 9. exd5 exd5 10. Nf3 Bf6 11. Nc3 Nge7 12. Be3 O-O 13. Na4 Qc7 14. Rc1 Nf5
15. Bg5 Bxg5 16. Nxg5 Qf4 17. Qh5 h6 18. Nc5 Bc8 19. Nh3 Qh4 20. Qxh4 Nxh4 21.
Nf4 Rd8 22. Rfd1 Rd6 23. Rd2 Rd8 24. Rdd1 Rd6 25. Rd2 Rd8 26. Rdd1 1/2-1/2

[Event "Russian Championship B15 1st league 2016"]
[Site "Loo"]
[Date "2016.04.24"]
[Round "5.12"]
[White "Volkov, Andrey"]
[Black "Sanarov, Leonid"]
[Result "1/2-1/2"]
[WhiteElo "1935"]
[BlackElo "1849"]
[PlyCount "93"]
[EventDate "2016.04.20"]

1. e4 c6 2. d4 d5 3. Nc3 dxe4 4. Nxe4 Bf5 5. Ng3 Bg6 6. Nh3 e6 7. Nf4 Bd6 8.
Nxg6 hxg6 9. Bc4 Nf6 10. c3 Qc7 11. Qd3 Nbd7 12. Bg5 O-O-O 13. O-O-O Be7 14.
Qf3 Nb6 15. Bb3 Nfd5 16. Bxe7 Qxe7 17. Ne4 Nd7 18. h3 N7f6 19. Rhe1 Nxe4 20.
Qxe4 Rh4 21. Qe5 Nf6 22. Qg3 Rh5 23. Re5 Qc7 24. Qe3 Nd5 25. Bxd5 cxd5 26. Rxh5
gxh5 27. Qg5 g6 28. Qf6 Rd7 29. Qh8+ Rd8 30. Qf6 a6 31. Qf3 Rd7 32. Qd3 Qf4+
33. Qd2 Qc7 34. Qd3 Qa5 35. Kb1 Qc7 36. Qc2 Kb8 37. Qb3 Qf4 38. Qc2 Qg5 39. g3
h4 40. Qd3 Ka7 41. Re1 Qf6 42. Rf1 Rd8 43. g4 g5 44. Qe3 Qg6+ 45. Kc1 f5 46. f3
Rf8 47. Re1 1/2-1/2

[Event "Russian Championship B15 1st league 2016"]
[Site "Loo"]
[Date "2016.04.24"]
[Round "5.13"]
[White "Matchenya, Ivan"]
[Black "Permin, Viktor"]
[Result "0-1"]
[WhiteElo "1770"]
[BlackElo "1930"]
[PlyCount "88"]
[EventDate "2016.04.20"]

1. e4 e5 2. Nf3 Nc6 3. Nc3 Nf6 4. d4 exd4 5. Nxd4 Bc5 6. Be3 Bxd4 7. Bxd4 Qe7
8. Bxf6 Qxf6 9. Qd2 d6 10. O-O-O Be6 11. f4 O-O-O 12. Bb5 Ne7 13. Qe3 Kb8 14.
Rd4 c6 15. Be2 d5 16. e5 Nf5 17. Qf2 Qg6 18. Ra4 d4 19. g4 Ne3 20. f5 Qh6 21.
Kb1 dxc3 22. fxe6 fxe6 23. Bd3 Rhf8 24. Qe2 Nd5 25. a3 b6 26. h4 Nf4 27. g5 Qh5
28. Qxh5 Nxh5 29. bxc3 g6 30. Rc4 Kc7 31. Re1 c5 32. Rce4 Rf2 33. Kc1 Nf4 34.
Kb1 Nxd3 35. cxd3 Rxd3 36. R4e3 Rdd2 37. Rh3 b5 38. h5 Rb2+ 39. Kc1 Kb6 40.
hxg6 hxg6 41. Rh6 Ka5 42. Rxg6 Ka4 43. c4 Kb3 44. Re3+ Ka2 0-1